000 00643nam a22002417a 4500
003 UA-OsUOA
001 44416
007 ta
008 20070221b un ||||| |||| 00| 0 ukr d
100 _aАпель К. О.
090 _a75.03(460)
_bА76
942 _cBK
040 _aUA-OsUOA
_bukr
_cUA-OsUOA
_dUA-OsUOA
245 _aВеликие английские художники
300 _a144 с.
955 _a2
041 _aukr
080 _a75.03(460)
020 _a5-94849-768-2
260 _aМ.
_bОЛМА-ПРЕСС Образование
_c2005
650 7 _a75.03 Історія живопису
_2UDC
999 _c330534
_d330534